Racionalizácia systému údržby v rozvode elektrickej energie : Kand.diz.práca : V.odb. 39-21-9 : Obh. 06.06.1989 /

Salvato in:
Dettagli Bibliografici
Autore principale: Cangár, Pavol (Autore)
Altri autori: Fecko, Štefan, 1929- (Relatore della tesi)
Natura: Manoscritto Libro
Pubblicazione: Bratislava : SVŠT v Bratislave EF, 1988
Soggetti:
Tags: Aggiungi Tag
Nessun Tag, puoi essere il primo ad aggiungerne!!

MARC

LEADER 00000ntm a22000003a 4500
001 stu4369
005 20150617225813.6
008 ------s1988----------------------------d
040 |a STU  |b slo 
041 0
100 1 |a Cangár, Pavol  |4 aut 
245 1 |a Racionalizácia systému údržby v rozvode elektrickej energie :  |b Kand.diz.práca : V.odb. 39-21-9 : Obh. 06.06.1989 /  |c [aut.] Cangár,Pavol, Ing.; Škol. Fecko,řtefan 
260 |a Bratislava :  |b SVŠT v Bratislave EF,  |c 1988 
300 |a 154 s :  |b príl +  |c Autoref.1988, 19 s 
650 7 |a energetika  |2 stusub 
650 7 |a rozvod elektrickej energie  |2 stusub 
650 7 |a údržba  |2 stusub 
700 1 |a Fecko, Štefan,  |d 1929-  |4 ths  |X 4076  |7 A000004076 
996 |b 284ED00221  |c E*KDIZ-577  |l EE01  |s A  |a 24  |w stu4369_0001